El nacimiento de la clínica : una arqueología de la mirada médica /

Fundamentalmente, este libro del pensador francés de más resonancia en estos momentos es una contribución a la historia de las ideas y, en concreto, de la idea del hombre que se ha ido abriendo paso en la época moderna, desde la perspectiva de la medicina. Estudia así las transformaciones sociocultu...

Descripción completa

Detalles Bibliográficos
Autor principal: Foucault, Michel 1926-1984
Formato: Libro
Lenguaje:español
Publicado: Madrid, España Siglo Veintiuno 1999
Edición:19a. ed.
Colección:Salud y Sociedad.
Salud y Sociedad
Materias:
Acceso en línea:

MARC

LEADER 00000cam a2200000 a 4500
001 018037
003 UAHC_CL
005 20170803121556.0
008 030408s1999 mx b 000<0 spa d
020 |a 843231014X 
040 |a FI43 
100 1 |a Foucault, Michel  |d 1926-1984 
245 1 3 |a El nacimiento de la clínica :  |b una arqueología de la mirada médica /  |c por Michael Foucault. 
250 |a 19a. ed. 
260 |c 1999  |b Siglo Veintiuno  |a Madrid, España 
300 |a 293 p. 
490 0 |a Salud y Sociedad. 
490 0 |a Salud y Sociedad 
504 |a Bibliografâia: p. 281-293. 
520 |a Fundamentalmente, este libro del pensador francés de más resonancia en estos momentos es una contribución a la historia de las ideas y, en concreto, de la idea del hombre que se ha ido abriendo paso en la época moderna, desde la perspectiva de la medicina. Estudia así las transformaciones socioculturales y económicas y las del examen médico, las estructuras lingüísticas y las técnicas anatomopatológicas. Su interés no se limita, entonces, al campo de la medicina, también los historiadores y sociólogos del conocimiento se sentirán atraídos por el planteamiento original del libro: la medicina como lenguaje, como óptica científica y como relación interhumana. 
521 |a Psicopatología 
534 |t Naissance de la clinique. 
600 1 4 |a 2180 
650 4 |a FILOSOFIA MEDICA 
650 4 |a MEDICINA  |x HISTORIA 
653 |a PSICOLOGIA 
900 |a 610.9 FOU 
942 |c BK 
952 |0 0  |1 0  |2 ddc  |4 0  |6 610_900000000000000_FOU  |7 0  |8 General  |9 36094  |a BC  |b BC  |c General  |d 2017-08-03  |o 610.9 FOU  |p 1340457  |r 2017-08-03 00:00:00  |t 1  |w 2017-08-03  |y BK  |z También lo encuentras en bibliografías.academia.cl 
952 |0 0  |1 0  |2 ddc  |4 0  |6 610_900000000000000_FOU  |7 0  |8 General  |9 36095  |a BC  |b BC  |c General  |d 2017-08-03  |l 7  |m 7  |o 610.9 FOU  |p 1371423  |r 2026-01-13 00:00:00  |s 2023-03-21  |t 2  |w 2017-08-03  |x Rayado con lápiz mina y pasta. RLC. 22/10/2018  |y BK  |z También lo encuentras en bibliografías.academia.cl 
952 |0 0  |1 0  |2 ddc  |4 0  |6 610_900000000000000_FOU  |7 0  |8 General  |9 36096  |a BC  |b BC  |c General  |d 2017-08-03  |l 1  |o 610.9 FOU  |p 1349335  |q 2017-08-31  |r 2017-08-28 00:00:00  |s 2017-08-28  |t 3  |w 2017-08-03  |y BK  |z También lo encuentras en bibliografías.academia.cl 
952 |0 0  |1 0  |2 ddc  |4 0  |6 610_900000000000000_FOU  |7 0  |8 General  |9 36097  |a BC  |b BC  |c General  |d 2017-08-03  |l 3  |m 3  |o 610.9 FOU  |p 1347934  |r 2026-01-19 00:00:00  |s 2018-04-02  |t 4  |w 2017-08-03  |y BK  |z Fotocopia 
952 |0 0  |1 0  |2 ddc  |4 0  |6 610_900000000000000_FOU  |7 0  |8 General  |9 36098  |a BC  |b BC  |c General  |d 2017-08-03  |l 12  |m 10  |o 610.9 FOU  |p 1354717  |r 2026-01-13 00:00:00  |s 2025-10-22  |t 5  |w 2017-08-03  |x Rayado con lápiz mina Y con las primeras paginas sueltas 18/03/22 ocf  |y BK  |z También lo encuentras en bibliografías.academia.cl 
952 |0 0  |1 0  |2 ddc  |4 0  |6 610_900000000000000_FOU  |7 0  |8 General  |9 36099  |a BC  |b BC  |c General  |d 2017-08-03  |l 5  |m 2  |o 610.9 FOU  |p 1354718  |r 2026-01-13 00:00:00  |s 2023-03-14  |t 6  |w 2017-08-03  |y BK  |z También lo encuentras en bibliografías.academia.cl 
999 |c 18037  |d 18037